logo

Bir Sreshtho Munshi Abdur Rouf Library
Jhenaidah Cadet College

পৃথিবী / (Record no. 12189)

MARC details
000 -LEADER
fixed length control field 00817nam a2200253 a 4500
001 - CONTROL NUMBER
JCCL Control Number 12189
003 - CONTROL NUMBER IDENTIFIER
JCCL marc code BD-JhCC
005 - DATE AND TIME OF LATEST TRANSACTION
control field 20210323105939.0
008 - FIXED-LENGTH DATA ELEMENTS--GENERAL INFORMATION
fixed length control field 210323b20082018bg a|||| ||a| 000 0 ben d
020 ## - INTERNATIONAL STANDARD BOOK NUMBER
International Standard Book Number 9846371274
035 ## - SYSTEM CONTROL NUMBER
system control number (BD-JhCC)12189
040 ## - CATALOGING SOURCE
Original cataloging agency BD-JhCC
Modifying agency BD-JhCC
041 ## - LANGUAGE CODE
Language code of Book ben
082 ## - DEWEY DECIMAL CLASSIFICATION NUMBER
Classification number 032.083
Author mark and Year PRI 2018
245 ## - TITLE STATEMENT
Title পৃথিবী /
Statement of responsibility, etc সম্পা: আলী ইমাম
260 ## - PUBLICATION, DISTRIBUTION, ETC. (IMPRINT)
Place of publication, distribution, etc ঢাকা :
Name of publisher, distributor, etc বিজ্ঞান একাডেমী;
Date of publication, distribution, etc ২০১৮.
300 ## - PHYSICAL DESCRIPTION
Pagination 52 P. :
Other physical details ill ;
Dimensions 24 cm.
490 ## - SERIES STATEMENT
Series statement ছোটদের বিজ্ঞানপিডিয়া --২:
650 ## - SUBJECT ADDED ENTRY--TOPICAL TERM
Topical term or geographic name as entry element Children's encyclopedias and dictionaries
650 ## - SUBJECT ADDED ENTRY--TOPICAL TERM
Topical term or geographic name as entry element Encyclopedias and dictionaries
700 ## - ADDED ENTRY--PERSONAL NAME
Personal name ইমাম, আলী
942 ## - ADDED ENTRY ELEMENTS (KOHA)
Source of classification or shelving scheme Dewey Decimal Classification
Koha item type Books
Holdings
Source of classification or shelving scheme Damaged status Not for loan Home library Current library Shelving location Cost, normal purchase price Total Checkouts Full call number Barcode Date last seen Copy number Koha item type
Dewey Decimal Classification     JCC Rouf Library JCC Rouf Library General Stacks 113.00   032.083 PRI 2018 16282 03/23/2021 C-1 Books

JCC Library | Contacts | JCC Home

Last Update on 23 September 2017
Copyright @ 2017-2020 JCC Rouf Library
Rouf Library, Jhenidah Cadet College (JCC), Bangladesh